书目信息 |
| 题名: |
宋诗精二百首
|
|
| 作者: | 钱仲联 , 钱学增 编著 | |
| 分册: | ||
| 出版信息: | 西安 陕西人民出版社 1998.10 |
|
| 页数: | 261页 | |
| 开本: | 32开 | |
| 丛书名: | ||
| 单 册: | ||
| 中图分类: | I222.744 | |
| 科图分类: | ||
| 主题词: | 诗歌--中国 , 韵文--中国 | |
| 电子资源: | ||
| ISBN: | 7-224-04624-8 | |
| 000 | 00633nam0 2200217 45 | |
| 001 | 0001151464 | |
| 005 | 20000115141024.6 | |
| 010 | @a7-224-04624-8@d15.00元 | |
| 100 | @a20000115d1998 km y0chiy0120 ea | |
| 101 | 0 | @achi |
| 105 | @a z 000yy | |
| 200 | 1 | @a宋诗精二百首@ASong Shi Jing Er Bai Shou@f钱仲联,钱学增编著@FQian Zhong Lian,Qian Xue Zeng Bian Zhu |
| 210 | @a西安@c陕西人民出版社@d1998.10 | |
| 215 | @a261页@d32开 | |
| 606 | 0 | @a诗歌@x中国 |
| 606 | 0 | @a韵文@x中国 |
| 690 | @aI222.744@v3 | |
| 701 | 0 | @a钱仲联@4编著 |
| 701 | 0 | @a钱学增@4编著 |
| 801 | @aCN@bPftUser@c20000115 | |
| 905 | @b402700-701@dI222.744@eQ467@f2 | |
| 宋诗精二百首/钱仲联,钱学增编著.-西安:陕西人民出版社,1998.10 |
| 261页;32开 |
| ISBN 7-224-04624-8:15.00元 |
| ● |
| 相关链接 |
|
|
|
正题名:宋诗精二百首
索取号:I222.744/Q467
 
预约/预借
| 序号 | 登录号 | 条形码 | 馆藏地/架位号 | 状态 | 备注 |
| 1 | 402700 | 204027007 | 文学库108/108文学库 17排2列3层/ [索取号:I222.744/Q467] | 在馆 | |
| 2 | 402701 | 204027016 | 文学库108/108文学库 17排2列3层/ [索取号:I222.744/Q467] | 在馆 |